| 000 | 02481cam a2200733 a 4500 | ||
|---|---|---|---|
| 001 | 21777 | ||
| 003 | VRT | ||
| 005 | 20260309143342.0 | ||
| 008 | 240318s2017 xo a a 000 0 slo | ||
| 015 | _aSNBA2018/01 | ||
| 020 |
_a9788056701232 _q(viaz.) |
||
| 039 | 9 |
_a202403182038 _bVLOAD _c202201201858 _dAUTHORITY _c201911210806 _dAUTHORITY _c201801160720 _dmsnk24 |
|
| 040 |
_aPPPK _bslo _cPPPK _dSNK _eAACR2 |
||
| 041 | 1 |
_aslo _heng |
|
| 044 |
_axo _cSK |
||
| 072 | 7 |
_a55 _xVedy o Zemi. Geologické vedy _2konspekt |
|
| 072 | 7 |
_a0/9-053.2 _xLiteratúra pre deti a mládež (náučná) _2konspekt |
|
| 080 |
_a69.035.4 _22011 |
||
| 080 |
_a551.1/.4 _22011 |
||
| 080 |
_a592/599 _22011 |
||
| 080 |
_a551.442 _22011 |
||
| 080 |
_a902 _22011 |
||
| 080 |
_a(0.062) _22011 |
||
| 080 |
_a(084.11) _22011 |
||
| 080 |
_a(0.05) _22011 |
||
| 100 | 1 |
_aFrith, Alex _4aut |
|
| 245 | 1 | 0 |
_aČo je pod zemou ? _b75 odklápacích okienok _cAlex Frith ; ilustrácie Colin King ; preklad Jitka Madarásová] |
| 250 | _a1. slov. vyd. | ||
| 260 |
_aBratislava _bSvojtka & Co. _c2017 |
||
| 300 |
_a15 s. _bfareb. ilustr. _c29 cm |
||
| 490 | 1 | _aPozri sa pod okienko | |
| 500 | _aKartónové listy s otváracími okienkami | ||
| 500 | _aNázov z obálky | ||
| 500 | _aPreložené z anglického vydania | ||
| 521 | 1 | _aPre deti od 3 rokov | |
| 650 | 0 | 7 |
_apodzemné priestory _2SNKPH |
| 650 | 0 | 7 |
_ageológia _2SNKPH |
| 650 | 0 | 7 |
_azvieratá _2SNKPH |
| 650 | 0 | 7 |
_ajaskyne _2SNKPH |
| 650 | 0 | 7 |
_aarcheológia _2SNKPH |
| 650 | 0 | 7 |
_aUnderground areas _2SNKPHeng |
| 650 | 0 | 7 |
_aGeology _2SNKPHeng |
| 650 | 0 | 7 |
_aAnimals _2SNKPHeng |
| 650 | 0 | 7 |
_aCaves _2SNKPHeng |
| 650 | 0 | 7 |
_aArchaeology _2SNKPHeng |
| 655 | 7 |
_apopulárno-náučné publikácie _2SNKPH |
|
| 655 | 7 |
_aobrazové publikácie _2SNKPH |
|
| 655 | 7 |
_apublikácie pre deti _2SNKPH |
|
| 655 | 7 |
_aPopular works _2SNKPHeng |
|
| 655 | 7 |
_aPictorial works _2SNKPHeng |
|
| 655 | 7 |
_aChildren's literature _2SNKPHeng |
|
| 700 | 1 |
_aKing, Colin, _d1943- _4ill |
|
| 700 | 1 |
_aMadarásová, Jitka _4trl |
|
| 730 | 0 |
_aSee inside - See the under ground _lSlovensky |
|
| 830 | 0 | _aPozri sa pod okienko | |
| 910 | _apppk | ||
| 910 | _apokpoh | ||
| 910 | _asnk | ||
| 942 |
_2ddc _cOLDE _n0 |
||
| 949 |
_617A1305691 _asnkSB 92229 _bsnk2017/26798 _o2497/2017 |
||
| 949 |
_617A1305690 _asnkSB 92229 D1 _bsnk2017/26800 _o2497/2017 |
||
| 949 |
_6270001000582110 _asvkbbC 62500 _bsvkbbm 772856 |
||
| 999 |
_c21777 _d21777 |
||